| Tag |
First Indicator |
Second Indicator |
Subfields |
| LEADER |
00000cam a22000004a 4500 |
| 001 |
in00002123421 |
| 005 |
20151103061628.0 |
| 008 |
040526s2005 nyua j b 001 0deng |
| 010 |
|
|
|a 2004052364
|
| 020 |
|
|
|a 0805073167 (hc : alk. paper)
|
| 035 |
|
|
|a (OCoLC)ocm55518216
|
| 037 |
|
|
|b Junior Library Guild
|n http://www.juniorlibraryguild.com
|
| 040 |
|
|
|a DLC
|c DLC
|d TEF
|d BAKER
|d TXA
|d UtOrBLW
|
| 042 |
|
|
|a pcc
|
| 049 |
|
|
|a TXAM
|
| 050 |
0 |
0 |
|a R853.S44
|b D46 2005
|
| 100 |
1 |
|
|a Dendy, Leslie A.,
|d 1946-
|
| 245 |
1 |
0 |
|a Guinea pig scientists :
|b bold self-experimenters in science and medicine /
|c Leslie Dendy and Mel Boring ; with illustrations by C.B. Mordan.
|
| 250 |
|
|
|a 1st ed.
|
| 264 |
|
1 |
|a New York :
|b Henry Holt & Co.,
|c [2005]
|
| 264 |
|
4 |
|c ©2005
|
| 300 |
|
|
|a 213 pages :
|b illustrations ;
|c 25 cm.
|
| 336 |
|
|
|a text
|b txt
|2 rdacontent
|
| 337 |
|
|
|a unmediated
|b n
|2 rdamedia
|
| 338 |
|
|
|a volume
|b nc
|2 rdacarrier
|
| 504 |
|
|
|a Includes bibliographical references (pages [189]-196) and index.
|
| 520 |
|
|
|a Stories of ten men and women, from the 1770s to the present, who devoted their lives, and sometimes risked them, to answer some of the big questions in science and medicine.
|
| 586 |
|
|
|a American Library Association, 2006,
|
| 586 |
8 |
|
|a A Junior Library Guild selection.
|
| 650 |
|
0 |
|a Self-experimentation in medicine
|v Juvenile literature.
|
| 650 |
|
0 |
|a Scientists
|v Juvenile literature.
|
| 650 |
|
1 |
|a Self-experimentation in medicine.
|
| 650 |
|
1 |
|a Scientists.
|
| 700 |
1 |
|
|a Boring, Mel,
|d 1939-
|
| 700 |
1 |
|
|a Mordan, C. B.,
|e illustrator.
|
| 994 |
|
|
|a C0
|b TXA
|
| 948 |
|
|
|a cataloged
|b h
|c 2006/4/17
|d c
|e aklinger
|f 10:29:59 am
|
| 999 |
|
|
|a MARS
|
| 999 |
f |
f |
|s 7a89bfd1-cc5b-3e97-b54e-fc633463bd02
|i f37b24d0-992b-333b-8c20-3408750e2f95
|t 0
|
| 952 |
f |
f |
|p normal
|a Texas A&M University
|b College Station
|c Sterling C. Evans Library
|d Evans: Curriculum Collection (4th floor)
|t 0
|e R853.S44 D46 2005
|h Library of Congress classification
|i unmediated -- volume
|m A14834069083
|
| 998 |
f |
f |
|a R853.S44 D46 2005
|t 0
|l Evans: Curriculum Collection (4th floor)
|